Normal view MARC view

Entry Personal Name

Number of records used in: 1

001 - CONTROL NUMBER

  • control field: 35148

003 - CONTROL NUMBER IDENTIFIER

  • control field: dpl

005 - DATE AND TIME OF LATEST TRANSACTION

  • control field: 20110930170036.0

008 - FIXED-LENGTH DATA ELEMENTS

  • fixed length control field: 110930|||a|||||| | ||| d

040 ## - CATALOGING SOURCE

  • Original cataloging agency: dpl
  • Transcribing agency: dpl

100 ## - HEADING--PERSONAL NAME

  • Personal name: शर्मा, योगेन्द्र दत्त

670 ## - SOURCE DATA FOUND

  • Source citation: Work cat.: (dpl)55750: शर्मा, योगेन्द्र दत्त , रेगिस्तान में खरगोश /, 2007

670 ## - SOURCE DATA FOUND

  • Source citation: Work cat.: (dpl)55750: शर्मा, योगेन्द्र दत्त , रेगिस्तान में खरगोश /, 2007

© Delhi Public Library
Hit Counter
free hit counter